000 00445nam a2200181 a 4500
001 33656
005 20180714001627.0
008 140415s1975 000 0 spa d
041 _aspa
082 _a861
_bMUR
100 1 _aMURAD Y MURAD, JOSE
245 1 0 _aPRISMAS LITERARIOS
260 _a[s.l.] :
_bATENEO DE PUEBLA,
_c1975
300 _a24
490 _aCOL.PUEBLA
500 _aCOLECCIÓN PUEBLA
650 1 4 _aPOESIA
999 _c33656
_d33656